[Event "N3 - Condom / Cahors"]
[Site "?"]
[Date "2002.??.??"]
[Round "4.5"]
[White "Delpech, Frederic"]
[Black "Bony, Regis"]
[Result "1-0"]
[WhiteElo "2067"]
[BlackElo "1840"]
[EventDate "2003.07.04"]
[PlyCount "63"]

1.e4 c5 2.Nf3 Nc6 3.d4 cxd4 4.Nxd4 Nf6 5.Nc3 e5 6.Ndb5 d6 7.Nd5 Nxd5 8.
exd5 Nb8 9.c4 Be7 10.Be2 O-O 11.O-O f5 12.f4 a6 13.Nc3 Qb6+ 14.Kh1 Nd7 15.
Rb1 Bf6 16.Qc2 g6 17.b4 e4 18.Qb3 Kh8 19.Na4 Qa7 20.Be3 Bd4 21.c5 dxc5 22.
bxc5 Bxe3 23.Qxe3 Nf6 24.Nb6 Rb8 25.Qd4 Kg7 26.h3 h5 27.Rb3 Kh6 28.Rd1 Nd7
29.Nxd7 Bxd7 30.Rb6 Rbd8 31.Rxb7 Qa8 32.c6 1-0

[Event "N3 - Ech Toulousain / CEIT"]
[Site "?"]
[Date "2002.??.??"]
[Round "1.6"]
[White "Sakri, Abdelhak"]
[Black "Celhay"]
[Result "1-0"]
[WhiteElo "2000"]
[BlackElo "1990"]
[EventDate "2003.07.04"]
[PlyCount "69"]

1.d4 d5 2.Bf4 Nf6 3.Nf3 Bg4 4.Nbd2 e6 5.c3 Nh5 6.Bg5 f6 7.Bh4 g5 8.Bg3 
Nxg3 9.hxg3 Nd7 10.Qc2 Qe7 11.e4 O-O-O 12.O-O-O Qf7 13.Bd3 h6 14.Nf1 c6 
15.Ne3 Bxf3 16.gxf3 e5 17.exd5 cxd5 18.Bf5 Kb8 19.Qb3 Nb6 20.a4 exd4 21.
Rxd4 Bc5 22.Rd3 Nc4 23.Rhd1 Bxe3+ 24.fxe3 h5 25.e4 h4 26.gxh4 gxh4 27.exd5
Ne5 28.Re3 h3 29.f4 h2 30.Be4 Ng4 31.Re2 f5 32.Bh1 Qc7 33.Qb4 Rde8 34.Rde1
Qd7 35.d6 1-0

[Event "N3 - Montpellier Eur / CEIT"]
[Site "?"]
[Date "2002.??.??"]
[Round "4.9"]
[White "Ruiz-Pacheco"]
[Black "Penne, Francois"]
[Result "0-1"]
[WhiteElo "1260"]
[BlackElo "1499"]
[EventDate "2003.07.04"]
[PlyCount "82"]

1.e4 e6 2.Nc3 d5 3.Nf3 Nf6 4.Bb5+ c6 5.Bd3 Be7 6.h3 d4 7.Ne2 c5 8.c3 Nc6 
9.Qa4 dxc3 10.Bc2 cxd2+ 11.Bxd2 Bd7 12.Qc4 Qc7 13.Bc3 O-O 14.a3 a6 15.O-O 
Na7 16.e5 Nd5 17.Bd2 f5 18.exf6 Nxf6 19.Bf5 b5 20.Bxe6+ Kh8 21.Qa2 c4 22.
Bxd7 Qxd7 23.Be3 Nc6 24.Rad1 Qe6 25.Ned4 Nxd4 26.Bxd4 Rae8 27.Ng5 Qf5 28.
Be3 Nd5 29.Bd2 Bxg5 30.Bxg5 Qxg5 31.Qb1 Nf4 32.g3 Nxh3+ 33.Kg2 Qg4 34.Rd2 
Ng5 35.Qd1 Qh3+ 36.Kg1 Nf3+ 37.Qxf3 Rxf3 38.Rc2 Rf6 39.Rd2 Rh6 40.f3 Qh1+ 
41.Kf2 Rh2# 0-1

[Event "N3 - Perpignan / Ech Toulousain"]
[Site "?"]
[Date "2002.??.??"]
[Round "4.5"]
[White "Negre, Albert"]
[Black "Lebon, Joffrey"]
[Result "1-0"]
[WhiteElo "2101"]
[BlackElo "2031"]
[EventDate "2003.07.04"]
[PlyCount "105"]

1.d4 Nf6 2.Nc3 d5 3.Bg5 e6 4.e4 dxe4 5.Nxe4 Be7 6.Bxf6 Bxf6 7.Nf3 Nc6 8.c3
O-O 9.Bb5 Bd7 10.O-O Be7 11.Qe2 f5 12.Ned2 Rf6 13.Rfe1 Bd6 14.Nc4 Bf4 15.
g3 Rg6 16.Nce5 Nxe5 17.Nxe5 Bxe5 18.Bxd7 Qxd7 19.Qxe5 Rf8 20.f4 Qc6 21.Qe3
Rd8 22.Re2 Qa6 23.b3 c5 24.Rd1 cxd4 25.Rxd4 Rxd4 26.cxd4 Rf6 27.Kf2 h6 28.
Qc3 Qb6 29.Qc5 Qa6 30.Qc4 Qb6 31.Re5 a6 32.Rc5 Rf7 33.Rc8+ Kh7 34.Qc5 Qxc5
35.dxc5 e5 36.fxe5 Re7 37.c6 bxc6 38.Rxc6 Rxe5 39.Rxa6 Rb5 40.Ke3 Rb4 41.
Rc6 g5 42.Rc4 Rb6 43.b4 Ra6 44.Rc2 Kg6 45.b5 Ra4 46.Rb2 f4+ 47.gxf4 gxf4+ 
48.Kf2 Kf5 49.b6 Ra8 50.a4 Ke6 51.b7 Rb8 52.a5 Kd7 53.a6 1-0

[Event "N3 - Perpignan / Ech Toulousain"]
[Site "?"]
[Date "2002.??.??"]
[Round "4.3"]
[White "Savy, Laurent"]
[Black "Juglard, Eric"]
[Result "1-0"]
[WhiteElo "2135"]
[BlackElo "2186"]
[EventDate "2003.07.04"]
[PlyCount "81"]

1.d4 Nf6 2.c4 c5 3.d5 b5 4.a4 bxc4 5.Nc3 d6 6.e4 g6 7.Bxc4 Bg7 8.Nf3 Nbd7 
9.h3 O-O 10.O-O Nb6 11.Bb5 a5 12.Bf4 Ba6 13.Qe2 Qc8 14.Rfd1 Rd8 15.e5 dxe5
16.Bxe5 Bxb5 17.axb5 Ra7 18.d6 exd6 19.Bxd6 Rad7 20.Be5 Re8 21.Qc2 Nc4 22.
Bxf6 Bxf6 23.Ne4 Bxb2 24.Qxc4 Bxa1 25.Rxa1 Qd8 26.Nc3 Qb6 27.Na4 Qf6 28.
Rc1 Red8 29.Nxc5 Rd1+ 30.Rxd1 Rxd1+ 31.Kh2 Qd6+ 32.g3 Rb1 33.Ne4 Qd1 34.
Qc8+ Kg7 35.Qc3+ Kh6 36.g4 Rxb5 37.g5+ Rxg5 38.Nexg5 Qd6+ 39.Kg2 Qe7 40.
Qd4 f6 41.Qh4+ 1-0

[Event "N3 - Perpignan / Ech Toulousain"]
[Site "?"]
[Date "2002.??.??"]
[Round "4.9"]
[White "Delorme, Jackie"]
[Black "Daragon, Bruno"]
[Result "1-0"]
[WhiteElo "1080"]
[BlackElo "1499"]
[EventDate "2003.07.04"]
[PlyCount "53"]

1.Nc3 e5 2.Nf3 d6 3.d4 f6 4.e3 Ne7 5.Bb5+ c6 6.Ba4 g5 7.h3 Bg7 8.d5 O-O 9.
e4 b5 10.Bb3 Kh8 11.Qe2 Ba6 12.h4 b4 13.Bc4 Bxc4 14.Qxc4 bxc3 15.Qxc3 c5 
16.hxg5 fxg5 17.Nxg5 Qd7 18.Rxh7+ Kg8 19.Qg3 Ng6 20.Be3 Rc8 21.O-O-O Qe7 
22.Rdh1 Qf6 23.Ne6 Kf7 24.Bg5 Nd7 25.Bxf6 Nxf6 26.Rxg7+ Ke8 27.Qxg6# 1-0

[Event "N3 - Beziers / Tournefeuille"]
[Site "?"]
[Date "2002.??.??"]
[Round "4.7"]
[White "Hasbi, Nabil"]
[Black "Casella, Laurent"]
[Result "1/2-1/2"]
[WhiteElo "1910"]
[BlackElo "1930"]
[EventDate "2003.07.04"]
[PlyCount "82"]

1.e4 c5 2.Nf3 d6 3.d4 cxd4 4.Nxd4 Nf6 5.Nc3 g6 6.Be3 Bg7 7.f3 O-O 8.Qd2 
Nc6 9.Bc4 Bd7 10.O-O-O Rc8 11.Bb3 Ne5 12.Kb1 Nc4 13.Bxc4 Rxc4 14.g4 h5 15.
gxh5 Nxh5 16.Nce2 Qc7 17.Bh6 Rc8 18.Bxg7 Kxg7 19.Nf5+ Bxf5 20.exf5 Rxc2 
21.Qd4+ Nf6 22.Nc3 Rg2 23.Rdg1 Rxg1+ 24.Rxg1 Qc5 25.Qxc5 Rxc5 26.fxg6 fxg6
27.Re1 Kf7 28.Ne4 Re5 29.Re2 Nxe4 30.fxe4 Ke6 31.Rg2 Rxe4 32.Rxg6+ Kf5 33.
Rh6 Rc4 34.Rh5+ Kg6 35.Rd5 a6 36.b3 Rh4 37.Rd2 Kf5 38.Kc2 Ke6 39.Re2+ Kd7 
40.Kd3 e5 41.Rf2 Ke6 1/2-1/2

[Event "N3 - Ech Toulousain / Perpignan"]
[Site "?"]
[Date "2002.??.??"]
[Round "4.2"]
[White "Dezaele, Christophe"]
[Black "Wipf, Armin"]
[Result "1-0"]
[WhiteElo "2133"]
[BlackElo "2150"]
[EventDate "2003.07.04"]
[PlyCount "83"]

1.d4 Nf6 2.Nf3 c5 3.c4 cxd4 4.Nxd4 e5 5.Nb5 d5 6.cxd5 Bc5 7.N5c3 O-O 8.e3 
Nbd7 9.Bc4 Nb6 10.Bb3 e4 11.h3 Qe7 12.a4 a5 13.Na3 Bd7 14.Nc4 Nxc4 15.Bxc4
Bb4 16.Bd2 Rac8 17.b3 Qe5 18.Rc1 Qg5 19.g3 h5 20.Ne2 Bxd2+ 21.Qxd2 b6 22.
Nf4 Rc5 23.Rd1 Bxa4 24.h4 Qf5 25.Qd4 Bb5 26.O-O Bxc4 27.bxc4 Nd7 28.Rb1 
Rfc8 29.Rfc1 Ne5 30.Qb2 Rxc4 31.Rxc4 Nxc4 32.Qa2 Qe5 33.Rc1 b5 34.Rb1 Rc5 
35.Qe2 g6 36.g4 hxg4 37.Qxg4 Nd2 38.Rd1 Rxd5 39.Nxd5 Qxd5 40.Qe2 Nf3+ 41.
Qxf3 exf3 42.Rxd5 1-0

[Event "N3 - Cahors / Condom"]
[Site "?"]
[Date "2002.??.??"]
[Round "4.8"]
[White "Le Ligeour"]
[Black "Alaux, Sophie"]
[Result "0-1"]
[WhiteElo "1580"]
[BlackElo "1770"]
[EventDate "2003.07.04"]
[PlyCount "52"]

1.e4 c6 2.Nc3 d5 3.exd5 cxd5 4.d4 Nf6 5.Bd3 Bg4 6.Nf3 e6 7.a3 Nc6 8.Bb5 
Bd6 9.O-O O-O 10.Bxc6 bxc6 11.b4 a5 12.Na2 axb4 13.axb4 Bxb4 14.c3 Bxc3 
15.Rb1 Rxa2 16.Qb3 Ra1 17.Ba3 Rxb1 18.Rxb1 Bxf3 19.Qxc3 Be4 20.Ra1 Re8 21.
Qxc6 Qd7 22.Qc3 h6 23.f3 Bg6 24.Bc5 Rb8 25.Ra7 Qb5 26.Ra1 Qb2 0-1

[Event "N3 - Condom / Cahors"]
[Site "?"]
[Date "2002.??.??"]
[Round "4.9"]
[White "Porche, Christian"]
[Black "Joanez Benedicto"]
[Result "1-0"]
[WhiteElo "1690"]
[BlackElo "1330"]
[EventDate "2003.07.04"]
[PlyCount "53"]

1.e4 e6 2.d4 d5 3.e5 c5 4.c3 Qb6 5.Nf3 Nc6 6.Bd3 cxd4 7.cxd4 Nxd4 8.Nxd4 
Qb4+ 9.Qd2 Qb6 10.Bb5+ Bd7 11.Bxd7+ Kxd7 12.O-O Bc5 13.Nb3 Rc8 14.Qf4 Nh6 
15.Qa4+ Kc7 16.Nxc5 Qxc5 17.Be3 Qc4 18.Rc1 Qxc1+ 19.Bxc1 Kb8 20.Bxh6 gxh6 
21.Nc3 Rc4 22.Qd7 Rhc8 23.g3 d4 24.Nb5 Rc1+ 25.Rxc1 Rxc1+ 26.Kg2 a6 27.
Nxd4 1-0

[Event "N3 - Agen / Condom"]
[Site "?"]
[Date "2002.??.??"]
[Round "1.9"]
[White "Gaubant, Brigitte"]
[Black "Alaux, Sophie"]
[Result "0-1"]
[WhiteElo "1399"]
[BlackElo "1800"]
[EventDate "2003.07.04"]
[PlyCount "46"]

1.e4 c6 2.d4 d5 3.exd5 cxd5 4.Nc3 Nf6 5.Nf3 Bg4 6.Be2 e6 7.O-O Nc6 8.Re1 
Be7 9.b3 Rc8 10.Bb2 O-O 11.a3 a6 12.Qd3 Bf5 13.Qd2 Bd6 14.h3 Qc7 15.Nd1 
Bf4 16.Ne3 Ne4 17.Qc1 Qd6 18.Rf1 Na5 19.b4 Nb3 20.Qb1 Nxa1 21.Qxa1 Bxe3 
22.fxe3 Qg3 23.Qe1 Rxc2 0-1

[Event "N3 - CEIT / Ech Toulousain"]
[Site "?"]
[Date "2002.??.??"]
[Round "1.5"]
[White "Talavera"]
[Black "Garaud, Alain"]
[Result "0-1"]
[WhiteElo "1940"]
[BlackElo "1910"]
[EventDate "2003.07.04"]
[PlyCount "56"]

1.e4 c6 2.d4 d5 3.Nc3 dxe4 4.Nxe4 Nd7 5.Ng5 Ngf6 6.Bd3 Nb6 7.N1f3 h6 8.Ne4
Bg4 9.Nxf6+ gxf6 10.Bd2 Qd5 11.Qe2 O-O-O 12.c4 Bxf3 13.cxd5 Bxe2 14.Bf5+ 
Kb8 15.dxc6 Bb5 16.cxb7 e6 17.Be4 Nd5 18.O-O-O Kxb7 19.f4 f5 20.Bf3 Kb6 
21.Rhe1 Ba4 22.b3 Ba3+ 23.Kb1 Bb5 24.Bxd5 Rxd5 25.Re5 Bd3+ 26.Ka1 Be4 27.
Rxd5 exd5 28.g3 Rc8 0-1

[Event "N3 - Agen / Condom"]
[Site "?"]
[Date "2002.??.??"]
[Round "1.1"]
[White "Le Hetet, Nicolas"]
[Black "Bedue, Julien"]
[Result "1-0"]
[WhiteElo "2150"]
[BlackElo "2180"]
[EventDate "2003.07.04"]
[PlyCount "127"]

1.e4 Nf6 2.Nc3 e5 3.Nf3 Nc6 4.d4 exd4 5.Nxd4 Bb4 6.Nxc6 bxc6 7.Bd3 d5 8.
exd5 cxd5 9.O-O O-O 10.Bg5 c6 11.Qf3 Be7 12.h3 Re8 13.Rfe1 Be6 14.Ne2 h6 
15.Bh4 g5 16.Bg3 Qb6 17.Be5 Nd7 18.Bc3 c5 19.Qh5 Bf8 20.Ng3 d4 21.Bd2 Nf6 
22.Qf3 Bd5 23.Qf5 Bg7 24.Nh5 Rxe1+ 25.Rxe1 Rd8 26.Nxg7 Kxg7 27.Bxg5 c4 28.
Bxh6+ Kxh6 29.Qf4+ Kg7 30.Qg5+ Kf8 31.Qh6+ Kg8 32.Re5 Ne4 33.Qxb6 axb6 34.
Bxe4 Be6 35.Kf1 d3 36.Ke1 Rd4 37.Kd2 Kf8 38.cxd3 cxd3 39.b3 Ke7 40.Bxd3 
Kd6 41.Re4 Rd5 42.g4 Ra5 43.Rd4+ Ke5 44.Ke3 Rxa2 45.Bc4 b5 46.f4+ Kf6 47.
Bxe6 Kxe6 48.Rd3 Rh2 49.Kd4 Kd6 50.Ke4+ Ke6 51.f5+ Kf6 52.Kf4 Rc2 53.g5+ 
Kg7 54.Kg4 Rc5 55.h4 Re5 56.f6+ Kg6 57.h5+ Kh7 58.Rd7 b4 59.Rxf7+ Kg8 60.
g6 Re8 61.Re7 Rd8 62.f7+ Kg7 63.Re8 Rd4+ 64.Kf5 1-0

[Event "N3 - Agen / Condom"]
[Site "?"]
[Date "2002.??.??"]
[Round "1.3"]
[White "Marciniak, Gerard"]
[Black "Beaurain, Jerome"]
[Result "0-1"]
[WhiteElo "2146"]
[BlackElo "2220"]
[EventDate "2003.07.04"]
[PlyCount "68"]

1.d4 d5 2.c4 e6 3.Nc3 c6 4.Nf3 dxc4 5.a4 Bb4 6.e3 b5 7.Bd2 a5 8.axb5 Bxc3 
9.Bxc3 cxb5 10.b3 Bb7 11.bxc4 b4 12.Bd2 Nd7 13.Qa4 Ne7 14.c5 Bc6 15.Bb5 
Qc7 16.O-O O-O 17.Bxc6 Qxc6 18.e4 Nf6 19.Bg5 Qxe4 20.Bxf6 gxf6 21.Rfe1 Qc6
22.Qb3 Kh8 23.Ra4 Rg8 24.Rea1 Nf5 25.Kf1 Qb5+ 26.Kg1 Rgd8 27.Qb2 Ne7 28.d5
Nxd5 29.Ng5 Nc3 30.Nxf7+ Kg7 31.Nxd8 Rxd8 32.Qb3 Nxa4 33.Rxa4 Rd3 34.Qc2 
Rc3 0-1

[Event "N3 - Condom / Cahors"]
[Site "?"]
[Date "2002.??.??"]
[Round "4.1"]
[White "Ducret, Thomas"]
[Black "Nivat, Alain"]
[Result "1/2-1/2"]
[WhiteElo "2213"]
[BlackElo "2000"]
[EventDate "2003.07.04"]
[PlyCount "54"]

1.Nf3 Nf6 2.c4 e6 3.d4 b6 4.a3 d5 5.cxd5 exd5 6.Nc3 Bb7 7.g3 Bd6 8.Bg2 O-O
9.O-O c5 10.Nb5 Nc6 11.Nxd6 Qxd6 12.Bf4 Qe7 13.Re1 cxd4 14.Nxd4 Nxd4 15.
Qxd4 Rac8 16.Bg5 Rc4 17.Bxf6 gxf6 18.Qd3 Rfc8 19.Bxd5 Bxd5 20.Qxd5 Rc2 21.
Qf5 R8c5 22.Qg4+ Rg5 23.Qd4 Rgc5 24.b4 R5c4 25.Qd3 R4c3 26.Qa6 Kg7 27.a4 
Qxb4 1/2-1/2

[Event "N3 - Condom / Agen"]
[Site "?"]
[Date "2002.??.??"]
[Round "1.8"]
[White "Woloszyn, Florent"]
[Black "Benard, Luc"]
[Result "0-1"]
[WhiteElo "1880"]
[BlackElo "1880"]
[EventDate "2003.07.04"]
[PlyCount "42"]

1.d4 g6 2.Nf3 Bg7 3.Bf4 d6 4.c3 Nf6 5.Nbd2 O-O 6.e4 Nbd7 7.b4 Qe8 8.Bd3 e5
9.dxe5 Nh5 10.Be3 Nxe5 11.Nxe5 Bxe5 12.Qb3 Nf4 13.Bxf4 Bxf4 14.O-O-O b5 
15.g3 Be6 16.Qa3 Bh6 17.f4 Qc6 18.Kb2 a5 19.bxa5 Bg7 20.Qb4 Rxa5 21.Nb3 
Bxc3+ 0-1

[Event "N3 - Condom / Agen"]
[Site "?"]
[Date "2002.??.??"]
[Round "1.6"]
[White "Delpech, Frederic"]
[Black "Cruzel, Thierry"]
[Result "1-0"]
[WhiteElo "2067"]
[BlackElo "1930"]
[EventDate "2003.07.04"]
[PlyCount "45"]

1.e4 e6 2.d4 d5 3.Nd2 Nf6 4.e5 Nfd7 5.Bd3 c5 6.c3 Nc6 7.Ne2 Qb6 8.Nf3 Be7 
9.O-O O-O 10.Re1 Re8 11.Nf4 Nf8 12.Nh5 cxd4 13.cxd4 g6 14.Bg5 Nxd4 15.Bxe7
Rxe7 16.Nf6+ Kg7 17.Qd2 Nxf3+ 18.gxf3 Nd7 19.Ng4 Qd8 20.Qh6+ Kh8 21.Nf6 
Nf8 22.Re3 Bd7 23.f4 1-0

[Event "N3 - Tournefeuille / Beziers"]
[Site "?"]
[Date "2002.??.??"]
[Round "4.6"]
[White "Wehmeier"]
[Black "Marco, Clement"]
[Result "0-1"]
[WhiteElo "1900"]
[BlackElo "1900"]
[EventDate "2003.07.04"]
[PlyCount "52"]

1.Nf3 d5 2.e3 Nf6 3.c4 e6 4.Nc3 Be7 5.Qc2 O-O 6.b3 c5 7.Bb2 Nc6 8.a3 d4 9.
exd4 Nxd4 10.Nxd4 cxd4 11.Ne4 e5 12.Ng3 Qb6 13.Bd3 Qc6 14.O-O Re8 15.f4 
Bd6 16.fxe5 Bxe5 17.Ne2 Qd6 18.h3 b6 19.Rf2 Bb7 20.Raf1 Re7 21.Kh1 Rd8 22.
Nf4 Qc6 23.b4 Ne4 24.Bxe4 Qxe4 25.d3 Qe3 26.Nh5 Qxh3+ 0-1

[Event "N3 - Beziers / Tournefeuille"]
[Site "?"]
[Date "2002.??.??"]
[Round "4.5"]
[White "Jules, Matthieu"]
[Black "Laurain, Dominique"]
[Result "0-1"]
[WhiteElo "2038"]
[BlackElo "2116"]
[EventDate "2003.07.04"]
[PlyCount "36"]

1.e4 e6 2.d4 d5 3.Nc3 Bb4 4.e5 Ne7 5.a3 Bxc3+ 6.bxc3 c5 7.Qg4 O-O 8.h4 f6 
9.Nf3 Nbc6 10.Bd3 Nf5 11.exf6 Qxf6 12.Bxf5 exf5 13.Qf4 Re8+ 14.Be3 Re4 15.
Qg5 Qf7 16.Ne5 Nxe5 17.dxe5 Be6 18.O-O Rg4 0-1

[Event "N3 - Tournefeuille / Beziers"]
[Site "?"]
[Date "2002.??.??"]
[Round "4.8"]
[White "Rich, Philippe"]
[Black "Basty, Bernard"]
[Result "1/2-1/2"]
[WhiteElo "1940"]
[BlackElo "1870"]
[EventDate "2003.07.04"]
[PlyCount "47"]

1.c4 Nf6 2.Nc3 e6 3.e4 e5 4.Nf3 Nc6 5.Be2 Bb4 6.O-O Bxc3 7.dxc3 d6 8.Bg5 
h6 9.Bxf6 Qxf6 10.b4 Be6 11.Nd2 O-O 12.Bg4 Ne7 13.Bxe6 Qxe6 14.Qc2 f5 15.
exf5 Qxf5 16.Qe4 Qxe4 17.Nxe4 Rad8 18.Rfd1 Ng6 19.f3 Nf4 20.g3 Ne6 21.Kg2 
Rf7 22.Rd3 b6 23.Rad1 Rdf8 24.a4 1/2-1/2

[Event "N3 - CEIT / Ech Toulousain"]
[Site "?"]
[Date "2002.??.??"]
[Round "1.1"]
[White "Mohtaji, Javad"]
[Black "Daniilidis, Aris"]
[Result "1/2-1/2"]
[WhiteElo "2048"]
[BlackElo "2319"]
[EventDate "2003.07.04"]
[PlyCount "119"]

1.e4 e6 2.d4 d5 3.Nd2 Be7 4.Bd3 c5 5.dxc5 Nf6 6.Ngf3 dxe4 7.Nxe4 Nxe4 8.
Bxe4 Qxd1+ 9.Kxd1 Bxc5 10.Ke2 Nd7 11.Bf4 Nf6 12.Bd3 O-O 13.Rhd1 b6 14.Ne5 
Nd5 15.Bd2 f6 16.Nf3 Kh8 17.a3 Bd6 18.g3 Bb7 19.Nd4 Nc7 20.Nb5 Nxb5 21.
Bxb5 Be5 22.c3 f5 23.f4 Bf6 24.Be3 Bd5 25.Bd4 Bb3 26.Rd2 Rfd8 27.Bxf6 gxf6
28.Ke3 Rxd2 29.Kxd2 a6 30.Bd3 Rd8 31.Ke3 b5 32.Re1 Kg7 33.Re2 Kf7 34.Rd2 
Ke7 35.Bb1 Rxd2 36.Kxd2 Kd6 37.Ke3 Kc5 38.Bd3 a5 39.Bb1 a4 40.Bd3 h6 41.
Bb1 Bc4 42.Bc2 Bd5 43.Bd3 Bc6 44.Be2 e5 45.Bd3 Bd7 46.Be2 Be6 47.Bd3 Bd7 
48.Be2 Bc8 49.Bd3 Be6 50.Be2 Bc4 51.Bd1 Bf1 52.b4+ Kc4 53.Kd2 e4 54.Kc2 e3
55.Bh5 Bd3+ 56.Kb2 Kd5 57.Bf3+ Kc4 58.Bh5 Be4 59.Be2+ Bd3 60.Bh5 1/2-1/2

[Event "N3 - CEIT / Ech Toulousain"]
[Site "?"]
[Date "2002.??.??"]
[Round "1.7"]
[White "Bouahana, Paul Alexandre"]
[Black "Daragon, Bruno"]
[Result "0-1"]
[WhiteElo "1900"]
[BlackElo "1900"]
[EventDate "2003.07.04"]
[PlyCount "66"]

1.c4 Nf6 2.g3 c5 3.Bg2 Nc6 4.Nc3 e6 5.e3 d5 6.cxd5 exd5 7.Qb3 c4 8.Qb5 a6 
9.Qa4 Be6 10.Nge2 b5 11.Qd1 Bd6 12.d3 Rc8 13.O-O O-O 14.a3 Qd7 15.b3 cxb3 
16.Qxb3 Ne7 17.Qd1 Bg4 18.Qd2 b4 19.axb4 Bxb4 20.f3 Be6 21.Ba3 a5 22.Rfb1 
Rb8 23.Nd4 Rfc8 24.Bxb4 axb4 25.Na2 b3 26.Rxb3 Ra8 27.Rab1 Qa4 28.Qb4 Qxa2
29.Qxe7 Qd2 30.Nc6 Ra2 31.R3b2 Rxb2 32.Rxb2 Qxb2 33.Qd6 Qc1+ 0-1

[Event "N3 - Montpellier Eur / CEIT"]
[Site "?"]
[Date "2002.??.??"]
[Round "4.5"]
[White "Aubagnac"]
[Black "Talavera"]
[Result "1-0"]
[WhiteElo "2190"]
[BlackElo "1940"]
[EventDate "2003.07.04"]
[PlyCount "61"]

1.e4 c5 2.Nf3 e6 3.d4 cxd4 4.Nxd4 Nc6 5.Nc3 Nf6 6.Ndb5 d6 7.Bf4 e5 8.Bg5 
a6 9.Bxf6 gxf6 10.Na3 Be6 11.Bc4 Qc7 12.Nd5 Bxd5 13.Bxd5 Ne7 14.Bb3 Ng6 
15.Nc4 d5 16.exd5 b5 17.d6 Qc6 18.d7+ Kd8 19.Ne3 Ra7 20.Qd2 Rxd7 21.Qa5+ 
Qc7 22.Qxa6 Bb4+ 23.Kf1 Ke7 24.Nf5+ Kd8 25.Qxf6+ Be7 26.Nxe7 Rxe7 27.Rd1+ 
Ke8 28.h4 Rg8 29.Rh3 Kf8 30.Rhd3 Ke8 31.Bxf7+ 1-0

[Event "N3 - Ech Toulousain / Perpignan"]
[Site "?"]
[Date "2002.??.??"]
[Round "4.4"]
[White "Fournier, Camille"]
[Black "Tisseyre, Yannick"]
[Result "1-0"]
[WhiteElo "2120"]
[BlackElo "2140"]
[EventDate "2003.07.04"]
[PlyCount "75"]

1.e4 c5 2.Nf3 Nc6 3.Bb5 g6 4.O-O Bg7 5.Nc3 Nf6 6.e5 Ng4 7.Bxc6 dxc6 8.Re1 
Qc7 9.Qe2 O-O 10.h3 Nh6 11.g4 Be6 12.d3 Bd5 13.Nxd5 cxd5 14.Bf4 f5 15.exf6
Qxf4 16.fxg7 Rf7 17.Ne5 Rxg7 18.Qe3 Qxe3 19.Rxe3 Rd8 20.Rae1 Rd6 21.Nf3 
Rd7 22.c3 b6 23.Kg2 Kf8 24.Ng5 Ke8 25.Re6 Nf7 26.h4 Nxg5 27.hxg5 Kf7 28.
Kg3 Rg8 29.f4 Rc8 30.f5 b5 31.Rh1 Kg7 32.Rxe7+ Rxe7 33.f6+ Kg8 34.fxe7 Re8
35.Re1 Kf7 36.Kf4 d4 37.cxd4 cxd4 38.Re5 1-0

[Event "N3 - Cahors / Condom"]
[Site "?"]
[Date "2002.??.??"]
[Round "4.6"]
[White "Canivet, Christophe"]
[Black "Baumann, Benjamin"]
[Result "0-1"]
[WhiteElo "1830"]
[BlackElo "1900"]
[EventDate "2003.07.04"]
[PlyCount "96"]

1.e4 d5 2.exd5 Nf6 3.d4 Bg4 4.Be2 Bxe2 5.Nxe2 Qxd5 6.O-O Nc6 7.Nbc3 Qf5 8.
Ng3 Qd7 9.Bf4 O-O-O 10.Nce2 h5 11.h4 Nxd4 12.Nxd4 Qxd4 13.Qf3 e5 14.Bg5 
Be7 15.Nf5 Qd7 16.Rad1 Qe6 17.Nxg7 Qc6 18.Qxc6 bxc6 19.Nf5 Rxd1 20.Nxe7+ 
Kd7 21.Bxf6 Rxf1+ 22.Kxf1 Rf8 23.Nf5 Ke6 24.Bg7 Rg8 25.Ke2 Kxf5 26.Bh6 
Rxg2 27.Kf3 Rg4 28.Be3 a6 29.Ba7 Rxh4 30.Kg3 Rf4 31.Be3 h4+ 32.Kg2 Re4 33.
Bc5 Re2 34.Kh3 Kg5 35.Be7+ f6 36.Bc5 Rxc2 37.Be3+ Kh5 38.b4 Rxa2 39.Bc5 
Re2 40.Be7 Rxf2 41.Bd8 Rf3+ 42.Kg2 Kg4 43.Bxc7 h3+ 44.Kh2 Rf2+ 45.Kh1 h2 
46.Bb6 Ra2 47.Bd4 exd4 48.b5 Kg3 0-1

[Event "N3 - Ech Toulousain / CEIT"]
[Site "?"]
[Date "2002.??.??"]
[Round "1.8"]
[White "Robichon, Franck"]
[Black "Paulus"]
[Result "1/2-1/2"]
[WhiteElo "1900"]
[BlackElo "1499"]
[EventDate "2003.07.04"]
[PlyCount "113"]

1.d4 d5 2.c4 e6 3.Nc3 Nf6 4.Nf3 Be7 5.Bg5 O-O 6.e3 c6 7.Bd3 dxc4 8.Bxc4 
Nbd7 9.O-O a6 10.Rc1 b5 11.Bd3 c5 12.Ne4 c4 13.Bxf6 Nxf6 14.Nxf6+ Bxf6 15.
Bb1 Bb7 16.Qe2 Rc8 17.Rfd1 Qb6 18.h3 Rfd8 19.Nh2 e5 20.dxe5 Bxe5 21.Bxh7+ 
Kf8 22.Bb1 c3 23.bxc3 Rxc3 24.Rxd8+ Qxd8 25.Rd1 Qc7 26.Nf3 Qc6 27.e4 Bf4 
28.Nd4 Qg6 29.Nf5 Qb6 30.Qh5 Kg8 31.Qg4 Be5 32.Ne7+ Kf8 33.Nd5 Bxd5 34.
exd5 Bd4 35.Qxd4 Qxd4 36.Rxd4 Rc1+ 37.Kh2 Rxb1 38.Rd2 Ke7 39.Kg3 Kd6 40.
Kf3 Re1 41.g3 Re5 42.h4 Rxd5 43.Ke3 b4 44.Rb2 a5 45.f4 f5 46.Rg2 Kc5 47.g4
fxg4 48.Rxg4 Rd7 49.Rg5+ Kb6 50.Rg2 Kb5 51.Ke4 Ka4 52.Ke5 Ka3 53.f5 a4 54.
f6 gxf6+ 55.Kxf6 b3 56.axb3 axb3 57.h5 1/2-1/2

[Event "N3 - Montpellier Eur / CEIT"]
[Site "?"]
[Date "2002.??.??"]
[Round "4.3"]
[White "Py, Jean"]
[Black "Brethes, Francois"]
[Result "0-1"]
[WhiteElo "2165"]
[BlackElo "2120"]
[EventDate "2003.07.04"]
[PlyCount "82"]

1.d4 d5 2.Nf3 Nf6 3.Bf4 Bf5 4.e3 e6 5.Bd3 Bxd3 6.Qxd3 Be7 7.Qb3 Nbd7 8.
Qxb7 Rb8 9.Qxa7 Rxb2 10.c3 Ne4 11.O-O c5 12.a4 O-O 13.a5 g5 14.Bc7 Qa8 15.
Qxa8 Rxa8 16.Ne5 Nxe5 17.Bxe5 f6 18.f3 fxe5 19.fxe4 cxd4 20.exd4 dxe4 21.
Rf2 Rb5 22.Re2 exd4 23.cxd4 Bf6 24.Rxe4 Rb4 25.Nd2 Bxd4+ 26.Kf1 Bxa1 27.
Rxb4 Bc3 28.Rb5 Bxd2 29.Ke2 Bxa5 30.Rxg5+ Kf7 31.Rb5 Kg6 32.Re5 Ra6 33.g4 
Bc3 34.Rh5 Bf6 35.h3 e5 36.Rf5 Ra3 37.Rh5 Bg5 38.h4 Bf4 39.Rf5 Rh3 40.h5+ 
Kg7 41.Kf2 Rg3 0-1

[Event "N3 - CEIT / Ech Toulousain"]
[Site "?"]
[Date "2002.??.??"]
[Round "1.3"]
[White "Chassy, Philippe"]
[Black "Fournier, Camille"]
[Result "1-0"]
[WhiteElo "2121"]
[BlackElo "2120"]
[EventDate "2003.07.04"]
[PlyCount "67"]

1.Nf3 d5 2.d4 Nf6 3.c4 c6 4.Nc3 a6 5.a4 e6 6.Bg5 Bb4 7.Bxf6 Qxf6 8.e3 a5 
9.Bd3 O-O 10.O-O Bxc3 11.bxc3 dxc4 12.Bxc4 Nd7 13.Rb1 e5 14.Qc2 exd4 15.
cxd4 b6 16.Bd3 h6 17.Ne5 Nxe5 18.dxe5 Qxe5 19.Qxc6 Rb8 20.Qf3 Bb7 21.Qe2 
Be4 22.Rb5 Bxd3 23.Qxd3 Qe6 24.Rfb1 Rfc8 25.h3 Qc4 26.Qa3 Qc3 27.Qxc3 Rxc3
28.Rxa5 Rd8 29.Rxb6 Rd1+ 30.Kh2 Rc2 31.Rf5 Ra2 32.Rb8+ Kh7 33.Rxf7 Rxa4 
34.Rbb7 1-0

[Event "N3 - Ech Toulousain / CEIT"]
[Site "?"]
[Date "2002.??.??"]
[Round "1.2"]
[White "Juglard, Eric"]
[Black "Brethes, Francois"]
[Result "1/2-1/2"]
[WhiteElo "2186"]
[BlackElo "2120"]
[EventDate "2003.07.04"]
[PlyCount "83"]

1.d4 d5 2.Nc3 Nf6 3.Bg5 c6 4.Nf3 Qb6 5.Na4 Qa5+ 6.c3 Ne4 7.Bf4 e6 8.b4 Qd8
9.Qc2 a5 10.a3 Nd7 11.e3 b5 12.Nc5 Nexc5 13.bxc5 a4 14.Bd3 h6 15.O-O Be7 
16.Rae1 f5 17.Ne5 Nxe5 18.Bxe5 Bf6 19.Bd6 Be7 20.Bxe7 Qxe7 21.f3 O-O 22.e4
fxe4 23.fxe4 Rxf1+ 24.Rxf1 Bd7 25.Qe2 Rf8 26.Rxf8+ Kxf8 27.Qf3+ Qf7 28.Kf2
Ke7 29.e5 Qxf3+ 30.gxf3 Kf7 31.Kg3 g6 32.Kg4 Kg7 33.h4 Be8 34.f4 Bf7 35.h5
gxh5+ 36.Kh4 Bg6 37.Be2 Bf7 38.Bf1 Bg6 39.Bh3 Kf7 40.Bf1 Kg7 41.Bh3 Kf7 
42.Bf1 1/2-1/2

[Event "N3 - Tournefeuille / Beziers"]
[Site "?"]
[Date "2002.??.??"]
[Round "4.4"]
[White "Garrel, Alain"]
[Black "D'Urso, Francois-Xavier"]
[Result "1-0"]
[WhiteElo "2160"]
[BlackElo "2064"]
[EventDate "2003.07.04"]
[PlyCount "43"]

1.d4 d5 2.Nf3 Nf6 3.c4 c6 4.cxd5 cxd5 5.Nc3 Nc6 6.Bf4 e6 7.e3 Be7 8.Bd3 
O-O 9.O-O Nh5 10.Be5 Nxe5 11.Nxe5 g6 12.f4 Ng7 13.Rc1 Bd7 14.g4 f6 15.Nxd7
Qxd7 16.f5 Kf7 17.Qf3 Rfd8 18.Qh3 Rh8 19.Qh6 exf5 20.gxf5 g5 21.Nxd5 Rac8 
22.Rxc8 1-0

[Event "N3 - Montpellier Eur / CEIT"]
[Site "?"]
[Date "2002.??.??"]
[Round "4.1"]
[White "Bertrand, Frederic"]
[Black "Mohtaji, Javad"]
[Result "1-0"]
[WhiteElo "2233"]
[BlackElo "2048"]
[EventDate "2003.07.04"]
[PlyCount "67"]

1.d4 Nf6 2.c4 g6 3.Nc3 d5 4.Nf3 Bg7 5.Bg5 Ne4 6.Bf4 Nxc3 7.bxc3 O-O 8.e3 
c5 9.Bd3 dxc4 10.Bxc4 Nc6 11.O-O Bg4 12.Rb1 Qc8 13.Be2 Bf5 14.Bd3 Rd8 15.
Bxf5 Qxf5 16.Rxb7 e5 17.Qa4 Qc8 18.Rb5 cxd4 19.Rc5 exf4 20.Rxc6 Qd7 21.
cxd4 fxe3 22.fxe3 Rac8 23.Rxc8 Qxa4 24.Rxd8+ Bf8 25.Ne5 Qa5 26.Nxf7 Kg7 
27.Rd7 Qa4 28.Ne5+ Kg8 29.Rd8 Qxa2 30.Rdxf8+ Kg7 31.R8f7+ Kh6 32.h4 Qe2 
33.R1f3 Qe1+ 34.Kh2 1-0